Zwycięzcy mistrzostw świata w hokeju - Statystyki

Ogólne statystyki
  • Ten quiz został rozwiązany 65 razy
  • Średni wynik to 9 z 10
Statystyki odpowiedzi
Rok Zwycięzca Gospodarz % Poprawnych
1920 Kanada Belgia
100%
1933 Stany Zjednoczone Czechosłowacja
100%
1996 Czechy Austria
98%
1993 Rosja Niemcy
98%
1953 Szwecja Szwajcaria
98%
1995 Finlandia Szwecja
95%
1954 ZSRR Szwecja
93%
1947 Czechosłowacja Czechosłowacja
91%
2002 Słowacja Szwecja
89%
1936 Wielka Brytania III Rzesza
65%
Nie znaleziono quizów pasujących do podanych kryteriów
Rozkład punktacji
Procent ludzi z każdym wynikiem
Percentyl według liczby udzielonych odpowiedzi
Twoja historia wyników
Nie rozwiązałeś tego quizu